Catálogo
 En Linea

Muerte del payaso : (Registro nro. 30290)

Detalles MARC
000 -CABECERA
campo de control de longitud fija 00672nam a2200229 a 4500
001 - NÚMERO DE CONTROL
campo de control 000030798
003 - IDENTIFICADOR DEL NÚMERO DE CONTROL
campo de control OSt
005 - FECHA Y HORA DE LA ÚLTIMA TRANSACCIÓN
campo de control 20240412074255.0
007 - CAMPO FIJO DE DESCRIPCIÓN FÍSICA--INFORMACIÓN GENERAL
campo de control de longitud fija ta
008 - DATOS DE LONGITUD FIJA--INFORMACIÓN GENERAL
campo de control de longitud fija 110530s1937 dr 000 0 spa d
040 ## - FUENTE DE LA CATALOGACIÓN
Centro catalogador/agencia de origen DO-SdBNP
Lengua de catalogación spa
Centro/agencia transcriptor BNPHU
049 ## - FONDOS LOCALES (OCLC)
Fondos de biblioteca BNPD
082 74 - NÚMERO DE LA CLASIFICACIÓN DECIMAL DEWEY
Número de clasificación 863.42
Número de documento/Ítem R923m
Número de edición 22
100 1# - ENTRADA PRINCIPAL--NOMBRE DE PERSONA
Nombre de persona Ruffin Ortíz, P. E.
9 (RLIN) 57352
245 10 - MENCIÓN DE TÍTULO
Título Muerte del payaso :
Resto del título novela /
Mención de responsabilidad, etc. P. E. Ruffin ortíz.
260 ## - PUBLICACIÓN, DISTRIBUCIÓN, ETC.
Lugar de publicación, distribución, etc. Ciudad Trujillo, República Dominicana :
Nombre del editor, distribuidor, etc. Imprenta Fémina,
Fecha de publicación, distribución, etc. 1937.
300 ## - DESCRIPCIÓN FÍSICA
Extensión [54 p.] ;
Dimensiones 22 cm.
650 #0 - PUNTO DE ACCESO ADICIONAL DE MATERIA--TÉRMINO DE MATERIA
Término de materia o nombre geográfico como elemento de entrada Literatura dominicana.
9 (RLIN) 67
650 #7 - PUNTO DE ACCESO ADICIONAL DE MATERIA--TÉRMINO DE MATERIA
9 (RLIN) 29128
Término de materia o nombre geográfico como elemento de entrada Novelas dominicanas
910 ## - DATOS DE OPCIÓN DEL USUARIO (OCLC)
Datos de opción del usuario Validado. Control de calidad MAA
942 ## - ELEMENTOS DE PUNTO DE ACCESO ADICIONAL (KOHA)
Fuente del sistema de clasificación o colocación Dewey Decimal Classification
Tipo de ítem Koha Libro
Existencias
Estado de retiro Estado de pérdida Fuente del sistema de clasificación o colocación No para préstamo Código de colección Localización permanente Ubicación/localización actual Ubicación en estantería Fecha de adquisición Número de inventario Total de préstamos Signatura topográfica completa Código de barras Fecha visto por última vez Precio válido a partir de Tipo de ítem Koha Nota pública
    Dewey Decimal Classification Excluido de préstamo Raros y valiosos Biblioteca Nacional Pedro Henríquez Ureña Patrimonio Dominicano Depósito 30.05.2011 LF1   BINPHU PD-RV RD863.42 R923m 30798-10 25.06.2020 25.06.2020 No se presta Perteneció a la colección Carlos Larrazabal Blanco

Con tecnología Koha